| 000 | 01454nam a22004337a 4500 | ||
|---|---|---|---|
| 001 | BR2023000310 | ||
| 003 | BR-BrBNA | ||
| 005 | 20230510114440.0 | ||
| 008 | 230426b bl.||||| |||| 00| 0 por d | ||
| 020 | _a978-85-88063-44-0 | ||
| 040 |
_aBR-BrBNA _bpor |
||
| 041 | _apor | ||
| 072 | _aP01 ; T01 ; P06 | ||
| 090 | _aP01 BR2023000310 | ||
| 100 | _aRathmann, Régis | ||
| 100 | _aAraújo, Ricardo Vieira | ||
| 100 | _aCruz, Márcio Rojas da | ||
| 100 | _aMendonça, Antônio Marcos | ||
| 245 |
_aTrajetórias de mitigação e instrumentos de políticas públicas para alcance das metas brasileiras no Acordo de Paris _bOpções de mitigação de emissões de gases de efeito estufa em setores-chave do Brasil |
||
| 260 |
_aBrasília, DF (Brazil) : _bMinistério da Ciência, Tecnologia, Inovações e Comunicações, _c2017 |
||
| 300 | _a64 p. | ||
| 500 | _aSummary (por); 34 ref.; 12 illus.; 18 tables | ||
| 650 | _aGÁS | ||
| 650 | _aEFEITO ESTUFA | ||
| 650 | _aPOLUIÇÃO | ||
| 650 | _aENERGIA SOLAR | ||
| 650 | _aCONDIÇÃO AMBIENTAL | ||
| 650 | _aCONTROLE TÉRMICO | ||
| 650 | _aDIÓXIDO DE CARBONO | ||
| 650 | _aTECNOLOGIA APROPRIADA | ||
| 650 | _aSISTEMA AGROFLORESTAL | ||
| 650 | _aPROTEÇÃO FLORESTAL | ||
| 650 | _aREFLORESTAMENTO | ||
| 650 | _aIMPLANTAÇÃO DE FLORESTA | ||
| 650 | _aDESENVOLVIMENTO SUSTENTÁVEL | ||
| 650 | _aACORDO DE PARIS | ||
| 909 |
_a202304 _bFernando Magalhães |
||
| 942 | _cBK | ||
| 999 |
_c8979 _d8979 |
||